00671nam a2200193Ia 4500008004100000020001300041082001500054100002300069245006700092250000700159260004100166300002800207500001900235600002100254650005000275942000700325952012800332999001700460240925s9999 xx 000 0 und d a70495491 a005.73 LIP aLipschutz, Seymour 0aSchaum's Outline Series Theory and Problems of Data Structures aNA aLahore:bJahangir Book Depotc,1986. axix,641p.bNAfOriginal aIncludes Index aComputer Science aComputer science, information & general works cBK 001040708CSaUITUbUITUd2011-06-30eFair Book Centerg350.00l0o005.73 LIPpQ8755r2024-09-25 07:15:04w2024-09-25yBK c11254d11254